The conspiracy / (Record no. 1241)

MARC details
000 -LEADER
fixed length control field 01364cam a22003133a 4500
005 - DATE AND TIME OF LATEST TRANSACTION
control field 20230821152130.0
020 ## - INTERNATIONAL STANDARD BOOK NUMBER
International Standard Book Number 0439070317 (pbk.)
040 ## - CATALOGING SOURCE
Original cataloging agency ZAB
Transcribing agency ZAB
Modifying agency SLC
-- OCL
-- OCLCQ
-- DLC
Language of cataloging eng
050 00 - LIBRARY OF CONGRESS CALL NUMBER
Classification number PZ7.A6483
082 ## - DEWEY DECIMAL CLASSIFICATION NUMBER
Classification number Fic
100 1# - MAIN ENTRY--PERSONAL NAME
Personal name Applegate, Katherine
245 14 - TITLE STATEMENT
Title The conspiracy /
Statement of responsibility, etc. K.A. Applegate
260 ## - PUBLICATION, DISTRIBUTION, ETC.
Place of publication, distribution, etc. New York :
Name of publisher, distributor, etc. Scholastic,
Date of publication, distribution, etc. 1999.
300 ## - PHYSICAL DESCRIPTION
Extent 139 pages :
Other physical details Illustrations ;
Dimensions 20 cm
490 1# - SERIES STATEMENT
Series statement Animorphs ;
Volume/sequential designation Book 31
500 ## - GENERAL NOTE
General note "An Apple paperback."
505 ## - FORMATTED CONTENTS NOTE
Formatted contents note N <br/><br/>
520 ## - SUMMARY, ETC.
Summary, etc. Animorphs RM is an exciting series for young adult readers about five teens who are given the power to morph into any animal they touch and then to absorb its DNA. This power is granted them by a dying Andalite alien named Elfangor, who also warns the teens that Earth is being threatened secretly by a group of aliens called Yeerks. This high-interest series is currently a successful television show and will be sure to intrigue even the most reluctant readers.
521 ## - TARGET AUDIENCE NOTE
Target audience note 560 <br/>
Source Lexile <br/>
521 ## - TARGET AUDIENCE NOTE
Target audience note N <br/>
Source Raz-Plus <br/>
650 #0 - SUBJECT ADDED ENTRY--TOPICAL TERM
Topical term or geographic name entry element Science fiction.
650 #0 - SUBJECT ADDED ENTRY--TOPICAL TERM
Topical term or geographic name entry element Metamorphosis
Form subdivision Juvenile fiction.
655 #7 - INDEX TERM--GENRE/FORM
Genre/form data or focus term Young adult fiction.
Source of term lcsh
655 #7 - INDEX TERM--GENRE/FORM
Genre/form data or focus term Fantasy fiction.
Source of term gsafd
906 ## - LOCAL DATA ELEMENT F, LDF (RLIN)
a 7
b cbc
c copycat
d 2
e ncip
f 19
g y-genrareb
942 ## - ADDED ENTRY ELEMENTS (KOHA)
Source of classification or shelving scheme Dewey Decimal Classification
Koha item type Books
Suppress in OPAC No
999 ## -
-- 1241
-- 1241
Holdings
Withdrawn status Lost status Source of classification or shelving scheme Damaged status Not for loan Collection Home library Current library Shelving location Date acquired Total Checkouts Full call number Barcode Date last seen Date last checked out Price effective from Koha item type
    Dewey Decimal Classification     Juvenile Fiction Footprints International School Library Network Toul Kork Campus Footprints International School Library Network Toul Kork Campus   08/09/2023 4 APP Fic PZ7.A6483 FIS02782 09/25/2024 09/18/2024 08/09/2023 Books